Principiile teoriei probabilitatilor /

Guardado en:
Autor Principal: Onicescu, Octav, 1892-1983.
Formato: Libro
Idioma:Romanian
Publicado: Bucuresti : Editura Academiei Republicii Socialiste România, 1969.
Etiquetas: Agregar Etiqueta
Sin Etiquetas, Sea el primero en etiquetar este registro!
LEADER 00541nam a22001695a 4500
001 MAT.inmabb001942
008 040110s1969####rm############000#0#rum#d
005 20130226163650.0
245 1 0 |a Principiile teoriei probabilitatilor /  |c Octav Onicescu. 
260 |a Bucuresti :  |b Editura Academiei Republicii Socialiste România,  |c 1969. 
300 |a 236 p. ;  |c 24 cm. 
546 |a Resumen en francés. 
510 4 |a MR,  |c 41 #4592 
100 1 |a Onicescu, Octav,  |d 1892-1983. 
084 |a 60.00  |2 MR 
041 0 |a rum  |b fre 
859 |h 60  |i On58  |p A-3502  |b BIB. MATEMATICA